Roblox quiz - Statistics

General Stats
  • This quiz has been taken 286 times
  • The average score is 2 of 5
Answer Stats
Hint Answer % Correct
Roblox currency Robux
94%
Most played game Brookhaven
61%
Earlier name of Roblox Dynablocks
37%
Developer of Roblox David Baszucki
36%
How many friends I have in Roblox (as of this day) 25
20%
No matching quizzes found
Score Distribution
Percent of People with Each Score
Percentile by Number Answered
Your Score History
You have not taken this quiz